Les films d'animation/dessins animés les plus rentables - Statistiques

Statistiques générales
  • Ce quiz a été pris 36 fois
  • Le résultat moyen est 18 sur 50
Statistiques - réponses
Rentabilité Film d'animation % Correct
1,3 milliard de dollars La Reine des Neiges
87%
968 millions de dollars Le Roi Lion
83%
592 millions de dollars Raiponce
67%
645 millions de dollars Vaiana
67%
1,6 milliard de dollars Le Roi Lion (film)
63%
1,4 milliard de dollars La Reine des Neiges 2
53%
623 millions de dollars Ratatouille
53%
1 milliard de dollars Toy Story 3
53%
1 milliard de dollars Toy Story 4
53%
1 milliard de dollars Zootopie
53%
807 millions de dollars Coco
50%
928 millions de dollars Shrek 2
50%
813 millions de dollars Shrek le troisième
47%
857 millions de dollars Vice-Versa
47%
940 millions de dollars Le Monde de Nemo
43%
631 millions de dollars Les Indestructibles
43%
538 millions de dollars Rebelle
43%
756 millions de dollars Shrek 4
43%
631 millions de dollars Kung Fu Panda
40%
735 millions de dollars La-haut
40%
542 millions de dollars Moi, moche et méchant
40%
554 millions de dollars Le Chat Potté
37%
542 millions de dollars Madagascar
37%
621 millions de dollars Dragons 2
33%
559 millions de dollars Cars 2
30%
665 millions de dollars Kung Fu Panda 2
30%
886 millions de dollars L'Age de Glace 3
30%
1 milliard de dollars Le Monde de Dory
30%
1,2 milliard de dollars Les Indestructibles 2
30%
746 millions de dollars Madagascar 3
30%
879 millions de dollars L'Age de Glace 4
27%
603 millions de dollars Madagascar 2
27%
970 millions de dollars Moi, moche et méchant 2
27%
1 milliard de dollars Moi, moche et méchant 3
27%
579 millions de dollars Monstres et Cie
27%
1,1 milliard de dollars Les Minions
23%
529 millions de dollars Ralph 2.0
23%
1.3 milliard de dollars Super Mario Bros le film
23%
532 millions de dollars Wall-E
23%
660 millions de dollars L'Age de Glace 2
20%
743 millions de dollars Monstres Academy
20%
634 millions de dollars Tous en scène
20%
939 millions de dollars Les Minions 2: Il était une fois Gru
17%
657 millions de dollars Les Nouveaux Héros
13%
742 millions de dollars Ne Zha
13%
683 millions de dollars Spider-Man: Across the Spider-verse
13%
875 millions de dollars Comme des bêtes
10%
528 millions de dollars Hôtel Transylvanie 3
7%
536 millions de dollars Les Simpson le film
7%
587 millions de dollars Les Croods
3%
Aucun quiz correspondant
Distribution des résultats
% des personnes avec chaque résultat
Percentile par nombre de réponses
Votre historique - résultats
Vous n’avez pas pris ce quiz